Porovnanie vkladových stratégií bakalárska práca

Na minha lista:
Detalhes bibliográficos
Autor principal: Pilníková, Miroslava
Autor Corporativo: Podnikovohospodárska fakulta EU so sídlom v Košiciach. Katedra ekonómie
Outros Autores: Mojsej, Václav
Formato: Livro
Idioma:eslovaco
Publicado em: Košice 2009
Tags: Adicionar Tag
Sem tags, seja o primeiro a adicionar uma tag!

MARC

LEADER 00000nam$a2200000$$$4500
001 0106270
005 20240827092845.2
041 0 |a slo 
044 |a SK 
245 1 0 |a Porovnanie vkladových stratégií  |b bakalárska práca  |c Miroslava Pilníková ; škol. Václav Mojsej 
264 1 |a Košice  |c 2009 
300 |a 48 s. 
100 1 |a Pilníková, Miroslava 
700 1 |a Mojsej, Václav 
710 2 |a Podnikovohospodárska fakulta EU so sídlom v Košiciach. Katedra ekonómie